[Event "Mechanics' Winter TNM; G/2 d5"]
[Site "San Francisco"]
[Date "2018.02.20"]
[Round "7.8"]
[White "Traub, Igor"]
[Black "Maser, Thomas F"]
[Result "1-0"]
[WhiteElo "2166"]
[BlackElo "1955"]
[PlyCount "105"]
[EventDate "2018.??.??"]
[Source "ChessBase"]
[SourceDate "2007.09.04"]

1. Nf3 Nf6 2. g3 e6 3. d3 d5 4. Nbd2 Bd6 5. Bg2 O-O 6. O-O c5 7. e4 dxe4 8.
dxe4 Nc6 9. Re1 Bc7 10. a4 e5 11. c3 h6 12. Qc2 Be6 13. b3 Qe7 14. Ba3 Rfd8 15.
Nf1 Bd6 16. Ne3 c4 17. Bxd6 Rxd6 18. b4 Nd7 19. Bf1 Qf6 20. Nh4 Ne7 21. Bxc4 g5
22. Bxe6 fxe6 23. Nhg2 Rc6 24. c4 a5 25. Red1 Rc7 26. b5 b6 27. Rd6 Rf8 28.
Rad1 Nc5 29. Ng4 Qf3 30. Nxe5 Qxe4 31. Qxe4 Nxe4 32. Rd8 Rc8 33. Rxc8 Nxc8 34.
f3 Nc3 35. Ra1 Rf5 36. Ng4 Rxf3 37. Nxh6+ Kg7 38. Ng4 Ne2+ 39. Kh1 Rc3 40. N2e3
Nd6 41. Re1 Nd4 42. Ne5 Ra3 43. Kg2 Rxa4 44. Rd1 N6f5 45. Nxf5+ Nxf5 46. Kf3
Ra3+ 47. Kf2 Ra2+ 48. Kf3 Ra3+ 49. Rd3 Rxd3+ 50. Nxd3 Nd6 51. Nb2 Kf6 52. Ke3
Ke5 53. Nd3+ $11 {White later won in a wild time scramble.} 1-0

[Event "Mechanics' Winter TNM; G/2 d5"]
[Site "San Francisco"]
[Date "2018.01.09"]
[Round "1.9"]
[White "Traub, Igor"]
[Black "McEnroe, Glenn Aus"]
[Result "1-0"]
[WhiteElo "2166"]
[BlackElo "1500"]
[PlyCount "47"]
[EventDate "2018.??.??"]
[Source "ChessBase"]
[SourceDate "2007.09.04"]

1. Nf3 Nf6 2. d3 d5 3. g3 g6 4. Bg2 Bg7 5. Nbd2 c6 6. e4 dxe4 7. dxe4 O-O 8. h3
Nbd7 9. O-O Qc7 10. Re1 e5 11. a4 a5 12. Nc4 Ne8 13. b3 b5 14. axb5 cxb5 15.
Ne3 Nb6 16. Nd5 Nxd5 17. exd5 Bb7 18. Bb2 Rd8 19. Nxe5 Nd6 20. Qd2 b4 21. c4
bxc3 22. Bxc3 Ra8 23. Rxa5 Rxa5 24. Bxa5 1-0

[Event "Mechanics' Winter TNM; G/2 d5"]
[Site "San Francisco"]
[Date "2018.01.23"]
[Round "3.2"]
[White "Traub, Igor"]
[Black "Shaw, Tenzing Will"]
[Result "0-1"]
[WhiteElo "2166"]
[BlackElo "2297"]
[PlyCount "104"]
[EventDate "2018.??.??"]
[Source "ChessBase"]
[SourceDate "2007.09.04"]

1. d4 g6 2. Nf3 Bg7 3. e4 d6 4. Be2 Nf6 5. Nbd2 O-O 6. O-O Nbd7 7. c3 e5 8. Qc2
Qe7 9. a4 Re8 10. Bd3 Nf8 11. dxe5 dxe5 12. b4 Nh5 13. g3 Bh3 14. Re1 Qf6 15.
Bf1 Bxf1 16. Kxf1 Rad8 17. Kg2 Rd7 18. Nc4 Qe6 19. Ne3 h6 20. Rd1 Rxd1 21. Qxd1
Nf6 22. Nd5 Nxd5 23. exd5 Qg4 24. Be3 Qe4 25. Rc1 Qc4 26. Qd2 e4 27. Nd4 Qxd5
28. c4 Qd7 29. Nb5 Qc6 30. Nxa7 Qxa4 31. Nb5 Ne6 32. Bxh6 Bxh6 33. Qxh6 Qxb4
34. h4 c6 35. Nc3 Qxc4 36. h5 g5 37. Qf6 Qd4 38. Qf5 e3 39. h6 Nf8 40. Qxg5+
Ng6 41. Ne2 Qe5 42. Qxe5 Nxe5 43. fxe3 Ng4 44. Rb1 b5 45. Nd4 Rc8 46. Kf3 Ne5+
47. Kf4 f6 48. Kf5 Kf7 49. g4 Rg8 50. Nxc6 Nxc6 51. Rxb5 Rg5+ 52. Kf4 Rxb5 0-1

[Event "Mechanics' Shipman TNM; G/2 d/5"]
[Site "San Francisco"]
[Date "2018.09.18"]
[Round "7.5"]
[White "Traub, Igor Vladim"]
[Black "Boldi, Ethan"]
[Result "0-1"]
[WhiteElo "2165"]
[BlackElo "2011"]
[Annotator "Winslow,Elliott"]
[PlyCount "64"]
[EventDate "2018.??.??"]
[Source "ChessBase"]
[SourceDate "2007.09.04"]

1. Nf3 d5 2. g3 Nf6 3. Bg2 Bg4 4. Ne5 Bf5 5. O-O c6 6. d4 e6 7. c4 Be7 8. Nc3
O-O 9. a4 Nbd7 10. cxd5 exd5 11. Nd3 Bd6 12. Bf4 Qc7 13. Bxd6 Qxd6 14. b4 b6
15. b5 {[#]} Bxd3 $6 (15... c5 $2 16. dxc5 $1 (16. Nxd5 $2 Nxd5 17. dxc5 Qe6 $1
(17... Nxc5 $2 18. Nxc5) 18. e4 Bxe4 19. Re1 N7f6 20. f3 Rad8 {(Black's turn!)}
21. Qc1 Nc3 $1 22. Nf2 Qc4 23. fxe4 Ne2+ 24. Rxe2 Qxe2 25. c6 {
whew! SF9 makes it an unemotional =/+}) 16... Nxc5 (16... bxc5 17. Nxd5 Nxd5
18. Nf4 $18) 17. Nxc5 (17. Nxd5) 17... Qxc5 18. Nxd5 Rad8 (18... Nxd5 19. Qxd5)
19. Nxf6+ gxf6 20. Qc1 $16) (15... Ne4 $5 16. Rc1 Nxc3 17. Rxc3 cxb5 18. axb5
Rfc8 {Black isn't very worse.}) 16. Qxd3 $16 c5 17. Nxd5 Nxd5 18. dxc5 Nxc5 19.
Qxd5 Rad8 20. Rfd1 Qe7 21. Qa2 (21. Qc4) 21... Qe5 22. Bd5 Rde8 $6 (22... Rd7)
23. e3 Qf5 24. Rd4 $18 Re5 25. Rad1 Qh5 26. a5 bxa5 27. Qxa5 Ne6 28. R4d3 Ng5 {
[#]} 29. f4 $4 {Anything but this!} (29. h4) (29. Qa2) (29. Bc6) (29. e4) 29...
Nh3+ 30. Kg2 $6 (30. Kf1 Rxd5 31. e4 Rxd3 32. Rxd3 Qc5) 30... Qe2+ 31. Kh1 Rxd5
32. Qd2 Qxd3 $6 (32... Qf3+ $1 33. Qg2 Qxd1+) 0-1

[Event "Mechanics' Shipman TNM; G/2 d/5"]
[Site "San Francisco"]
[Date "2018.08.14"]
[Round "2.5"]
[White "Traub, Igor Vladim"]
[Black "Drane, Robert"]
[Result "1-0"]
[WhiteElo "2165"]
[BlackElo "1806"]
[PlyCount "83"]
[EventDate "2018.??.??"]
[Source "ChessBase"]
[SourceDate "2007.09.04"]

1. Nf3 f5 2. g3 Nf6 3. Bg2 e6 4. c4 Be7 5. Nc3 O-O 6. O-O d6 7. d4 Qe8 8. b4
Nc6 9. Rb1 Ne4 10. Nxe4 fxe4 11. Ne1 d5 12. b5 Nd8 13. Qb3 c6 14. cxd5 cxd5 15.
f3 exf3 16. Nxf3 Nf7 17. Bf4 Bf6 18. e3 Qe7 19. h4 Bd7 20. Rfc1 Rfc8 21. a4 Nd6
22. Ne5 Bxe5 23. dxe5 Ne4 24. Qd3 Be8 25. Bxe4 dxe4 26. Qd4 h6 27. Qd6 Kf7 28.
h5 Qxd6 29. exd6 Kf6 30. g4 e5 31. Bg3 Ke6 32. Rc7 Rxc7 33. dxc7 Rc8 34. Rc1
Bd7 35. Kg2 a6 36. Rc5 axb5 37. axb5 Kf7 38. Kh3 b6 39. Rc1 Ke6 40. Bh4 Be8 41.
Bd8 Ra8 $4 42. c8=Q+ 1-0

[Event "Mechanics' Shipman TNM; G/2 d/5"]
[Site "San Francisco"]
[Date "2018.09.11"]
[Round "6.3"]
[White "Traub, Igor Vladim"]
[Black "Kuczek, Kevin"]
[Result "1/2-1/2"]
[WhiteElo "2165"]
[BlackElo "1947"]
[Annotator "Winslow,Elliott"]
[PlyCount "84"]
[EventDate "2018.??.??"]
[Source "ChessBase"]
[SourceDate "2007.09.04"]

1. d4 Nf6 2. Nf3 b6 3. c4 e6 4. Nc3 Bb4 5. Bg5 h6 6. Bh4 Bb7 7. e3 O-O 8. Bd3
c5 9. O-O cxd4 10. exd4 Bxc3 11. bxc3 d5 12. cxd5 Qxd5 13. Bxf6 gxf6 14. Re1
Qh5 15. Be4 Nc6 16. a4 Rac8 17. a5 bxa5 18. Qd3 Rc7 19. Rab1 f5 20. Bxc6 Bxc6
21. Ne5 Be4 22. Rxe4 fxe4 23. Qg3+ {[#]} Kh8 $4 (23... Qg5 $3 24. Ng4 Rb7 $3
25. Ra1 Kh7) 24. Ng6+ $11 Qxg6 (24... fxg6) 25. Qxc7 Rg8 26. g3 e3 27. Rf1 (27.
fxe3 $4) 27... exf2+ 28. Rxf2 f6 29. Qe7 Re8 30. Qxa7 Qe4 31. Qf7 Rb8 32. Qxf6+
Kh7 33. Qe7+ Kg8 34. Qf7+ Kh8 35. Qf3 Qxf3 36. Rxf3 Rb3 37. Rf6 Kg7 38. Rxe6
Rxc3 39. Ra6 Rd3 40. Rd6 a4 41. Kf2 a3 42. Ke2 a2 1/2-1/2

[Event "Mechanics' Walter Shipman TNM G/2 d/5"]
[Site "San Francisco"]
[Date "2018.10.02"]
[Round "9.5"]
[White "Traub, Igor Vladim"]
[Black "Ricard, Bruce"]
[Result "1-0"]
[WhiteElo "2165"]
[BlackElo "1920"]
[Annotator "Winslow,Elliott"]
[PlyCount "107"]
[EventDate "2018.??.??"]
[Source "ChessBase"]
[SourceDate "2007.09.04"]

1. e4 c6 2. d3 d5 3. Nd2 e5 4. Ngf3 Bd6 5. g3 Nf6 6. Bg2 O-O 7. h3 Re8 8. O-O
Nbd7 9. a4 Nf8 10. Re1 Bd7 11. c3 Qc8 12. Kh2 Qc7 13. Nf1 h6 14. Nh4 dxe4 15.
dxe4 Rad8 16. Qf3 N8h7 17. g4 Ng5 18. Bxg5 hxg5 19. Nf5 Bf8 20. Qe3 Bxf5 21.
gxf5 g4 22. Ng3 b6 23. h4 Rd7 24. Re2 Red8 25. h5 Nh7 26. Rc2 Rd3 27. Qe2 Nf6
28. Bf1 Qd6 $4 29. Qxd3 Qxd3 30. Bxd3 Rxd3 31. Re1 Kh7 32. Kg2 Kh6 33. Rh1 $6 (
33. a5 b5 34. b4 c5 35. c4 $1) 33... a5 $6 (33... Be7) 34. Rb1 $6 (34. b4 $1
$18) 34... Nxh5 $6 (34... c5 35. c4 Be7 36. Rc3 Rd4 37. Re1 Nxh5 38. Rh1 g6 39.
fxg6 fxg6 40. Rxh5+ gxh5 41. Nf5+ Kg5 42. Nxe7) 35. Nxh5 Kxh5 36. Rh1+ $6 (36.
b4 $1 $18) 36... Kg5 37. Rh8 Bc5 38. Rc8 $2 $11 (38. Rg8 $1) 38... Kf4 39. Re2
$2 (39. b4 axb4 40. cxb4 Bd4 $11) (39. f6 $11) 39... g3 $1 $19 40. b4 axb4 $6 (
40... Bxf2 $1 $19 41. Rxc6 Be3 $1 42. Rc7 Rd1 43. Rxf7 Rg1+ 44. Kh3 axb4 45.
cxb4 Bd4 46. Rxg7 Kf3) 41. cxb4 Bxf2 42. Rxc6 (42. Rh8) 42... Rd1 (42... Rb3)
43. Rxf2+ gxf2 44. Kxf2 Kxe4 $6 (44... Rd2+ $1 45. Ke1 Ra2 $17) 45. Rxb6 $1 $11
Rd2+ 46. Kg3 Kxf5 47. Rb7 (47. a5 {= 0.00}) 47... Ke6 (47... f6 48. Rxg7 Ra2)
48. b5 Rd7 49. Rb8 f5 (49... Rd3+) (49... Kd5) (49... Kd6) 50. a5 f4+ $4 (50...
Rd3+ $8 51. Kf2 Ra3 52. b6 Kd7) 51. Kf3 $4 (51. Kg4 $8 Rf7 $5 52. Kf3 Kd6 53.
Re8 g5 54. a6 $14) 51... Rd3+ $11 52. Kf2 e4 $4 (52... Ra3 $11) (52... Rd2+ $11
) 53. Re8+ $4 (53. b6 Kd7 54. a6 Rd2+ 55. Ke1 Ra2 56. b7 (56. a7) 56... Ra1+
57. Kf2 Ra2+ 58. Kf1 Ra1+ 59. Kg2 f3+ 60. Kg3 Rg1+ 61. Kf2 Rg2+ 62. Ke3 Re2+
63. Kd4) 53... Kf5 $1 $11 54. a6 {
both scores don't add up to a readable game; White won.} (54. Rf8+ $4) (54. b6)
1-0

[Event "Mechanics' Shipman TNM; G/2 d/5"]
[Site "San Francisco"]
[Date "2018.08.28"]
[Round "4.2"]
[White "Traub, Igor Vladim"]
[Black "Wong, Russell"]
[Result "0-1"]
[WhiteElo "2165"]
[BlackElo "2200"]
[Annotator "Winslow"]
[PlyCount "61"]
[EventDate "2018.??.??"]
[Source "ChessBase"]
[SourceDate "2007.09.04"]

1. Nf3 Nf6 2. g3 b6 3. Bg2 Bb7 4. d4 e6 5. O-O Be7 6. c4 d6 7. Nc3 Nbd7 8. Qc2
O-O 9. Rd1 a5 10. e4 Qc8 11. e5 $6 (11. b3) (11. Be3) (11. h3) (11. Bf4) 11...
dxe5 12. dxe5 (12. Nxe5 Bxg2 13. Kxg2 c5) 12... Bxf3 13. Bxf3 Nxe5 14. Bg2 Rb8
15. Nb5 (15. Qe2) 15... Ned7 $2 (15... Bc5 $11) 16. Na7 $2 (16. a3) 16... Qe8 (
16... Qa6) 17. Nc6 Rc8 18. Bf4 Nh5 (18... Bc5) 19. Na7 $6 (19. Bd2) 19... Nxf4
20. Nxc8 Qxc8 21. gxf4 Nf6 22. Qe2 Bd6 23. Qe3 (23. Rd4 e5) 23... Nh5 24. Rxd6
$6 cxd6 25. Bf3 Nf6 $17 26. Qxb6 Qxc4 27. Qxd6 h6 28. Kg2 Rc8 29. b3 Qc2 30.
Qd4 Rc5 31. Rd1 {(Scores unreadable; Black went on to win)} 0-1

[Event "Mechanics' Shipman TNM; G/2 d/5"]
[Site "San Francisco"]
[Date "2018.08.14"]
[Round "2.16"]
[White "Tsodikova, Natalya"]
[Black "Bhattacharjee, Shiva"]
[Result "1/2-1/2"]
[WhiteElo "2199"]
[BlackElo "1676"]
[Annotator "Donaldson"]
[PlyCount "92"]
[EventDate "2018.??.??"]
[Source "ChessBase"]
[SourceDate "2007.09.04"]

1. d4 Nf6 2. c4 d5 3. cxd5 Qxd5 4. Nc3 Qd8 5. e4 e6 6. Nf3 Bb4 7. Bd3 Nc6 8.
O-O O-O 9. e5 Nd5 {Diagram [#]} 10. Bxh7+ $1 Kxh7 11. Ng5+ Kg6 12. Qd3+ f5 13.
exf6+ (13. Qg3 $1) 13... Kxf6 14. Nh7+ Kf7 15. Nxf8 (15. Ng5+ Ke7 16. Re1 {
with unclear play. After the text Black's minor pieces are better than therook.
}) 15... Qxf8 16. Ne4 Ke8 17. Ng5 Nce7 18. f4 Qf5 19. Qf3 Nf6 20. a3 Ba5 21. b4
Bb6 22. Bb2 Bd7 23. Rfe1 Bc6 24. Qf2 Ne4 25. Nxe4 Bxe4 26. Rac1 Kd7 27. a4 a5
28. b5 Rh8 29. Re2 Ng6 30. g3 Bd5 31. Ba3 Qg4 32. Kf1 Qf3 33. Qxf3 Bxf3 34. Rf2
Bd5 35. Bc5 Ne7 36. Bxb6 cxb6 37. Rfc2 Rc8 38. Rxc8 Nxc8 39. Ke2 Bb3 40. Ra1
Bc4+ 41. Kd2 Nd6 42. g4 Ke7 43. h4 Kf6 44. Rc1 g6 45. Ke3 Bb3 46. Ra1 Bc4
1/2-1/2

[Event "Mechanics' Shipman TNM; G/2 d/5"]
[Site "San Francisco"]
[Date "2018.08.28"]
[Round "4.7"]
[White "Tsodikova, Natalya"]
[Black "Campers Jr, Willie"]
[Result "1-0"]
[WhiteElo "2199"]
[BlackElo "1729"]
[Annotator "Winslow,Elliott"]
[PlyCount "75"]
[EventDate "2018.??.??"]
[Source "ChessBase"]
[SourceDate "2007.09.04"]

1. d4 Nf6 2. c4 c6 3. Nf3 d5 4. Qc2 e6 5. g3 Bd6 6. Bg2 Nbd7 7. O-O O-O 8. Rd1
Qc7 9. Nc3 (9. c5 Be7 10. Bf4) 9... a6 (9... dxc4 10. Nd2 Nb6 11. a4 a5 12.
Nce4 Nxe4 13. Nxe4 e5) 10. e4 Nxe4 11. Nxe4 dxe4 12. Qxe4 Nf6 13. Qe2 Re8 14.
c5 Bf8 15. Bf4 Qd8 16. Bg5 Be7 17. Bxf6 Bxf6 18. Ne5 g6 19. b4 Qe7 20. a4 Bd7
21. Rab1 Rab8 22. Rb3 (22. h4) 22... Rec8 23. Rf3 Be8 24. Nc4 (24. a5 $5) 24...
Rd8 25. Rfd3 b5 26. Nd6 $2 (26. cxb6 Qxb4 27. Qc2 Rxb6 28. Nxb6 Qxb6 29. Qc5
$16) (26. Nb6 bxa4 27. Qc2 Qc7 28. Qxa4 Rxb6 29. cxb6 Qxb6 30. Qa5 Qb5) 26...
bxa4 27. Qd2 $6 Rxd6 28. cxd6 Qxd6 $15 29. Qc3 $6 Rxb4 $17 30. Qc5 Be7 (30...
Qxc5 31. dxc5 a5 (31... Kf8)) 31. Qxd6 $6 Bxd6 32. Rc1 Rb6 33. Rdc3 a3 34. Bxc6
{[#]} Kf8 $4 (34... a2 $19) 35. Bxe8 Kxe8 36. Rc6 $11 Rxc6 37. Rxc6 Kd7 38.
Rxa6 $6 {[#]} (38. Rc4 $11 a5 39. Kf1 Bb4 40. Rc1 Kd6 41. Ke2 Kd5 42. Kd3 {
White holds the line}) (38. Rxa6 {1-0 ?? -- but this is not a win!} Kc7 39. Kf1
Kb7 40. Ra4 Kb6 41. Ke2 Kb5 42. Ra7 $8 (42. Ra8 $4 Kc4 43. Ke3 Kb3 $19) 42...
Kc4 43. Rxf7 $8 a2 44. Ra7 Kb3 45. Kd3 Ba3 46. Rb7+ Bb4 (46... Ka4 $4 47. Kc4
$18) 47. Ra7 Kb2 48. Rxa2+ $8 Kxa2 49. Ke4 Kb3 (49... Bd6 50. f4) 50. Ke5 Kc4
51. Kxe6 Kxd4 52. Kf6 Ke4 53. f4 $8 Bc3+ 54. Kg5 Bg7 55. g4 {
White keeps h-pawn + wrong bishop in mind...}) 1-0

[Event "Mechanics' Bedjanian TNM; G/2 d/5"]
[Site "San Francisco"]
[Date "2018.12.18"]
[Round "9.7"]
[White "Tsodikova, Natalya"]
[Black "Clemens, Kristian"]
[Result "1-0"]
[WhiteElo "2200"]
[BlackElo "1993"]
[Annotator "Winslow,Elliott"]
[PlyCount "83"]
[EventDate "2018.??.??"]
[Source "ChessBase"]
[SourceDate "2007.09.04"]

1. d4 d5 2. c4 e6 3. Nf3 Nf6 4. g3 dxc4 5. Bg2 Bd7 6. Ne5 Bc6 7. Nxc6 Nxc6 8.
O-O Be7 9. Qa4 O-O 10. Bxc6 bxc6 11. Rd1 Qd7 (11... Rb8 12. Nc3 Rb4) 12. Nc3
Nd5 (12... Rfd8) (12... Rfb8) 13. Qxc4 Nxc3 (13... f5 $5) 14. Qxc3 c5 15. Be3
Qb5 16. dxc5 Bf6 17. Bd4 Bxd4 18. Rxd4 Qxe2 19. Re1 Qb5 20. a4 (20. c6) 20...
Qc6 21. Red1 Rab8 22. b3 Rfe8 23. Rd7 Kf8 24. Qe5 Rbc8 25. Qh5 Re7 26. Rxe7
Kxe7 27. Qg5+ Ke8 28. Qxg7 Qxc5 29. Qh8+ Qf8 30. Qxh7 c5 31. Qd3 Qe7 32. Qb5+
Kf8 33. Rd7 Qf6 34. Qb7 Rd8 35. Qxa7 Rxd7 36. Qxd7 Qa1+ 37. Kg2 Qb1 38. Qb7 Kg7
39. Qf3 Qc2 40. a5 Qd2 41. a6 Qa2 42. Qb7 1-0

[Event "Mechanics' Winter TNM; G/2 d5"]
[Site "San Francisco"]
[Date "2018.01.16"]
[Round "2.8"]
[White "Tsodikova, Natalya"]
[Black "Gomboluudev, Enkhjin"]
[Result "1-0"]
[WhiteElo "2191"]
[BlackElo "1712"]
[PlyCount "79"]
[EventDate "2018.??.??"]
[Source "ChessBase"]
[SourceDate "2007.09.04"]

1. d4 d5 2. c4 c6 3. Nf3 Nf6 4. Qc2 e6 5. g3 Nbd7 6. Bg2 Be7 7. O-O O-O 8. Nbd2
Bd6 9. Rd1 e5 10. dxe5 Nxe5 11. Nxe5 Bxe5 12. Nf3 Bd6 13. Bg5 Be7 14. Bxf6 Bxf6
15. e4 Qb6 16. e5 Be7 17. cxd5 cxd5 18. Nd4 Rd8 19. Nf5 Bxf5 20. Qxf5 Qxb2 21.
Rab1 g6 22. Rxb2 gxf5 23. Rxb7 Kf8 24. Rxd5 Rxd5 25. Bxd5 Rd8 26. Bb3 Ra8 27.
Bc2 Bc5 28. Bxf5 Re8 29. e6 fxe6 30. Bxh7 Re7 31. Rxe7 Kxe7 32. Kg2 Kf6 33. h4
Kg7 34. Bd3 a5 35. f4 Bd6 36. Kf3 Be7 37. h5 Kh6 38. g4 a4 39. Ke4 Bc5 40. Bc4
1-0

[Event "Mechanics' Vartan Bedjanian TNM; G/2 d/"]
[Site "San Francisco"]
[Date "2018.11.07"]
[Round "3.9"]
[White "Tsodikova, Natalya"]
[Black "Gray, William"]
[Result "1/2-1/2"]
[WhiteElo "2200"]
[BlackElo "1961"]
[PlyCount "56"]
[EventDate "2018.??.??"]
[Source "ChessBase"]
[SourceDate "2007.09.04"]

1. e4 c5 2. Nf3 d6 3. Bb5+ Nd7 4. O-O a6 5. Bd3 Ngf6 6. Re1 g6 7. c3 Bg7 8. Bc2
O-O 9. d4 b5 10. a4 Rb8 11. axb5 axb5 12. e5 dxe5 13. dxe5 Ng4 14. Bf4 Bb7 15.
h3 Bxf3 16. Qxf3 Ngxe5 17. Qg3 Ra8 18. Rxa8 Qxa8 19. Bxe5 Nxe5 20. Rxe5 Bxe5
21. Qxe5 Qa1 22. c4 b4 23. Kh2 Ra8 24. Nd2 Ra2 25. Qb8+ Kg7 26. Qe5+ Kg8 27.
Qb8+ Kg7 28. Qe5+ Kg8 1/2-1/2

[Event "Mechanics' Bedjanian TNM; G/2 d/5"]
[Site "San Francisco"]
[Date "2018.12.04"]
[Round "7.9"]
[White "Tsodikova, Natalya"]
[Black "Hakobyan, Sos"]
[Result "1-0"]
[WhiteElo "2200"]
[BlackElo "1855"]
[PlyCount "120"]
[EventDate "2018.??.??"]
[Source "ChessBase"]
[SourceDate "2007.09.04"]

1. d4 Nf6 2. c4 e6 3. g3 c5 4. d5 d6 5. Nc3 g6 6. Bg2 Bg7 7. Nf3 O-O 8. O-O Re8
9. e4 exd5 10. exd5 Bg4 11. h3 Bxf3 12. Bxf3 Nbd7 13. Bg2 a6 14. f4 Rb8 15. a4
Qa5 16. Bd2 Qc7 17. Qf3 Re7 18. g4 Rbe8 19. Qd3 h6 20. b3 Nh7 21. f5 Bd4+ 22.
Kh1 g5 23. Rae1 Ne5 24. Qg3 Bxc3 25. Bxc3 f6 26. Bxe5 Rxe5 27. Rxe5 Rxe5 28.
Re1 Qe7 29. Rxe5 Qxe5 30. Qxe5 fxe5 31. a5 Kf7 32. Kg1 Nf6 33. Kf2 Nd7 34. Ke3
b6 35. axb6 Nxb6 36. Kd3 a5 37. Kc3 Nd7 38. Kd3 Kf6 39. Be4 Nb6 40. Kc3 Na8 41.
Kb2 Nb6 42. Ka3 Ke7 43. Bd3 Nd7 44. Ka4 Nf6 45. Kxa5 e4 46. Be2 e3 47. b4 cxb4
48. Kxb4 Ne4 49. Bd3 Kf6 50. Kb3 Ke5 51. Kc2 Nf2 52. Be2 Ne4 53. Kd3 Kf4 54.
Bd1 Nf2+ 55. Ke2 Ne4 56. Bc2 Nf6 57. Bd3 Kg3 $4 58. Kxe3 Kxh3 59. Be2 h5 60.
gxh5 g4 1-0

[Event "Mechanics' Bedjanian TNM; G/2 d/5"]
[Site "San Francisco"]
[Date "2018.11.20"]
[Round "5.11"]
[White "Tsodikova, Natalya"]
[Black "Jensen, Christian"]
[Result "1/2-1/2"]
[WhiteElo "2200"]
[BlackElo "1844"]
[Annotator "Winslow,Elliott"]
[PlyCount "64"]
[EventDate "2018.??.??"]
[Source "ChessBase"]
[SourceDate "2007.09.04"]

1. d4 Nf6 2. c4 g6 3. Nc3 (3. g3 Bg7 4. Bg2) 3... Bg7 4. g3 d5 5. cxd5 Nxd5 6.
Bg2 Nxc3 7. bxc3 c5 8. e3 Nc6 9. Ne2 O-O 10. O-O Qa5 11. a4 Rd8 12. Rb1 Qc7 (
12... Qa6 13. Nf4 cxd4 14. cxd4 Bf5 15. Rb5 Rac8 16. Bd2 b6 17. Re1 Bd7 18. Nd3
Rc7 19. Nb4 Nxb4 20. Rxb4 Qd3 21. Rb2 Qa3 22. Qa1 Qxa1 23. Rxa1 e5 24. Rb4 exd4
25. exd4 a5 26. Bf4 Rcc8 27. Rbb1 Bxd4 28. Ra2 Rc4 29. Be3 Bf5 30. Rd1 Bg4 31.
Bf1 Rb4 32. Rd3 Rd7 33. h3 Be6 34. Raa3 Bxe3 35. fxe3 Rxd3 36. Bxd3 Bxh3 37.
Bb5 Be6 38. Rc3 Rb3 39. Rc6 Rxe3 40. Kf2 Ra3 41. Rxb6 Bb3 {
0-1 (41) Rubinetti, J-Sax,G Nice 1974}) 13. Ba3 b6 14. Qc2 $146 (14. Nf4 Ba6
15. Re1 Bc4 16. Qf3 Rac8 17. Bh3 Rb8 18. Bg2 Rbc8 19. Red1 e5 20. dxe5 Bxe5 21.
Rxd8+ Qxd8 22. Bh3 Rc7 23. Qe4 Ba2 24. Rc1 Qf6 25. c4 Bxf4 26. gxf4 Bb3 27. Rb1
Re7 28. Qd3 Qh4 29. Bg2 Bxa4 30. Bb2 Re6 31. Ra1 g5 32. Qc3 Nd4 33. exd4 Re2
34. Rf1 Rc2 35. Qa3 Qxf4 36. Bc1 Qxd4 37. Qxa4 Qxc4 38. Qe8+ Kg7 39. Bxg5 Re2
40. Qd8 Re6 41. Bc1 Rg6 42. Bb2+ Kh6 43. Qd2+ Kh5 44. f4 f5 45. Rf3 {
1-0 (45) Taimanov, M-Ilivitzki,G Moscow (Russia) 1952}) 14... Bb7 15. dxc5 {
It's very rare that Black doesn't have excellent compensation for the pawn in
these Gruenfeld situation.} Ne5 16. cxb6 $6 (16. Bxb7 Qxb7 17. Nd4 Rxd4 18.
cxd4 Nf3+ 19. Kh1 Qd5 {when Black can always (and usually does best to) force
a draw with ...Qh5, ...Nh4+; gxh4 Qg4+}) 16... axb6 17. Nd4 Bxg2 18. Kxg2 Nc4
$15 19. Bc1 {[#]} Bxd4 $1 {Winning back the pawn.} 20. exd4 Qc6+ $6 ({
I'd prefer} 20... Rxd4 {, leaving the weak ones for later. That White's bishop
starts to find itself is secondary.  Of course not} 21. cxd4 $4 Ne3+) 21. Kg1
Rxa4 22. Re1 Ra7 (22... e6 {right away turns out about the same}) 23. Rb4 Rc8
24. h4 h5 25. Qd3 Ra1 26. Qe2 e6 27. Bg5 Rca8 28. Rbb1 R1a2 29. Qd3 Kg7 30. Re2
Qd5 (30... R2a3) 31. Bf4 Ra1 32. Ree1 R1a2 1/2-1/2

[Event "Mechanics' Shipman TNM; G/2 d/5"]
[Site "San Francisco"]
[Date "2018.09.18"]
[Round "7.3"]
[White "Tsodikova, Natalya"]
[Black "Lavi, Eilon"]
[Result "1/2-1/2"]
[WhiteElo "2199"]
[BlackElo "2038"]
[PlyCount "66"]
[EventDate "2018.??.??"]
[Source "ChessBase"]
[SourceDate "2007.09.04"]

1. d4 Nf6 2. c4 g6 3. Nc3 Bg7 4. g3 O-O 5. Bg2 d6 6. Nf3 Nc6 7. O-O e5 8. d5
Ne7 9. e4 Nd7 10. Be3 f5 11. Ng5 Nf6 12. c5 h6 13. cxd6 cxd6 14. Ne6 Bxe6 15.
dxe6 fxe4 16. Nxe4 d5 17. Bc5 Nxe4 18. Bxe4 dxe4 19. Qxd8 Rfxd8 20. Bxe7 Rd2
21. Ba3 Re8 22. Rad1 Rd3 23. Rde1 Rxe6 24. Rxe4 Rd2 25. Rfe1 Rc6 26. R4e2 Rcc2
27. Kf1 Kf7 28. Bb4 Rxe2 29. Rxe2 Rxe2 30. Kxe2 e4 31. Bd2 Ke6 32. b3 Kd5 33.
Be3 a6 1/2-1/2

[Event "Mechanics' Winter TNM; G/2 d5"]
[Site "San Francisco"]
[Date "2018.02.06"]
[Round "5.3"]
[White "Tsodikova, Natalya"]
[Black "Maser, Thomas F"]
[Result "1/2-1/2"]
[WhiteElo "2191"]
[BlackElo "1955"]
[PlyCount "66"]
[EventDate "2018.??.??"]
[Source "ChessBase"]
[SourceDate "2007.09.04"]

1. d4 Nf6 2. c4 e6 3. g3 Bb4+ 4. Nd2 d5 5. Bg2 O-O 6. Ngf3 c6 7. O-O Nbd7 8.
Qc2 Re8 9. Rd1 Qe7 10. e4 e5 11. cxd5 cxd5 12. dxe5 Nxe5 13. exd5 Neg4 14. Nb3
Ne4 15. Be3 Nxe3 16. fxe3 Bg4 17. a3 Rac8 18. Qd3 Nc5 19. Nxc5 Bxc5 20. Re1 {
Diagram [#]} Qxe3+ $1 21. Qxe3 Rxe3 22. Rxe3 Bxe3+ 23. Kh1 Bxf3 $6 (23... f6
$17) 24. Bxf3 Rc1+ 25. Rxc1 Bxc1 26. d6 Kf8 27. Bxb7 Bxb2 28. a4 Be5 29. d7 Ke7
30. Bc6 Bf6 31. Kg2 Kd6 32. Bb5 Kc5 33. Kf3 Bd8 1/2-1/2

[Event "Mechanics' Shipman TNM; G/2 d/5"]
[Site "San Francisco"]
[Date "2018.09.11"]
[Round "6.7"]
[White "Tsodikova, Natalya"]
[Black "McKellar, Daniel"]
[Result "1-0"]
[WhiteElo "2199"]
[BlackElo "1879"]
[PlyCount "75"]
[EventDate "2018.??.??"]
[Source "ChessBase"]
[SourceDate "2007.09.04"]

1. d4 Nf6 2. c4 e6 3. g3 d5 4. Nf3 Bb4+ 5. Nbd2 dxc4 6. Qc2 O-O 7. Bg2 Nc6 8.
Qxc4 Bd6 9. O-O e5 10. d5 Ne7 11. Ne1 Bd7 12. Qd3 Qc8 13. Nc4 Bh3 14. Nxd6 cxd6
15. e4 Bxg2 16. Nxg2 Qh3 17. f3 Ng6 18. Be3 h5 19. Rac1 Rfc8 20. Rc3 Rxc3 21.
Qxc3 Rc8 22. Qd2 b6 23. Ne1 Rc7 24. Nd3 Qc8 25. Rc1 Nd7 26. b4 Ne7 27. b5 Nc5
28. Nb4 f6 29. Qd1 g6 30. Nc6 Nxc6 31. dxc6 Qe6 32. Bxc5 bxc5 33. Rxc5 dxc5 34.
Qd8+ Kg7 35. Qxc7+ Kh6 36. Qd8 Qxa2 37. Qh8+ Kg5 38. h4# 1-0